5 kleinste Hauptstädte (ohne Agglomeration) - Statistiken

Allgemein
  • Dieses Quiz wurde 33 mal gespielt
  • Das Durchschnittsergebnis liegt bei 4 aus 5
Antwortstatistiken
Land Einwohner Hauptstadt % Korrekt
San Marino 4036 (2016) San Marino
97%
Liechtenstein 5400 (2015) Vaduz
93%
Nauru <750 (2011) Yaren
69%
St. Lucia 3661 (2010) Castries
59%
Palau <277 (2015) Ngerulmud
48%
Keine übereinstimmenden Quizze gefunden
Verteilung der Resultate
Anzahl Personen mit jedem Resultat
Perzentil nach korrekt beantworteten Fragen
Ihre Resultats-Entwicklung
Sie haben dieses Quiz noch nicht gespielt